000 00862cab a2200253 4500
001 ABS54969
008 090401t1996 xxu||||| |||| 00| 0 eng d
035 _a(Sirsi) u13424
041 _aeng
100 _aMcConnell, D.
245 _aOwner-occupiers: recent developments
260 _c1996
350 _a0
490 _aLegal Action
_vApril 1996, 16-25(5)
520 _aA review of recent changes in the law which affects residential owner-occupiers including the right to buy provisions in the Housing Bill, changes in the housing grants system, mortgage possessions and mortgage indemnity, with reference to case law.
650 _aHOUSING BILL
650 _aMORTGAGE INDEMNITY
650 _aMORTGAGE POSSESSIONS
650 _aOWNER-OCCUPIERS
650 _aRESIDENTIAL PROPERTY
_96266
690 _aHOUSING
942 _n0
948 _c04/03/1997
999 _c8655
_d8655